000 00732nam a2200253Ia 4500
003 OSt
005 20220925231943.0
006 a|||||r|||| 00| 0
007 ta
008 220923b |||||||| |||| 00| 0 eng d
020 _a0878720502
037 _cGeneral Book
040 _aRTL
_cRTL
_beng
041 _2eng
_aeng
082 _aX9(J3).1.N7, L3
100 _aBorgstrom George
245 0 _aFood and people dilemma
260 _aMassachussetts
_bDuxbury Press
_c1973
300 _axiv, 140p. Bib p. 109-11
_ccm.
490 _aMan Environment system in the late twentieth century
650 _aFood Industry
942 _hX9(J3).1.N7, L3
_cGB
_2CC
999 _c589888
_d589888